000 00261nam a2200109 4500
999 _c1572
_d1572
003 OSt
005 20170830154108.0
008 160702b xxu||||| |||| 00| 0 eng d
020 _a9788120717565
040 _cBOOK
100 _91869
_a Vas, G
245 _aPrepositions
260 _aNew Delhi
_bSterling
_c1995
300 _aPrepositions
942 _2ddc
_cBK